Statistics for Vocabulary Words Ending in H

Click here to take the quiz!

General Stats

  • This quiz has been taken 132 times
  • The average score is 20 of 26

Answer Stats

clueword% Correct
Cplace of worshipchurch
98%
Hkeep quiethush
94%
Fbelief in Godfaith
93%
Dwhat bread is made fromdough
91%
Rgarbagerubbish
91%
Gdiagram that shows the relationship between two variablesgraph
89%
Nthe sound a horse makesneigh
89%
Oexclamation of painouch
89%
Yyoung adultyouth
88%
UZion National Park's stateUtah
87%
Ea languageEnglish
86%
Jfloating invertebrate with hanging tentaclesjellyfish
85%
La complex mazelabyrinth
85%
Zhighest pointzenith
85%
Iskin irritationitch
83%
Ta flashlight, outside the UStorch
83%
Aattack from a concealed positionambush
82%
Pa boxer's drink?punch
81%
Wcircular band of flowers, laid at memorialswreath
81%
Sa maker of silver thingssilversmith
77%
Qto put down or suppressquash
69%
MIndian princemaharajah
48%
Van aromatic herb-flavoured winevermouth
46%
Bto make a mess ofbotch
39%
Kold quarter of a North African citykasbah
32%
Xrock fragment embedded in, but foreign to, another rockxenolith
9%

Score Distribution

Percentile by Number Answered

Percent of People with Each Score

Your Score History

You have not taken this quiz